Návrh evropské úpravy smlouvy o prodeji

Návrh nariadenia Európskeho parlamentu a Rady o spoločnej európskej právnej úprave predaja zlepšiť podmienky na vytvorenie a fungovanie vnútorného trhu poskytnutím jednotného súboru pravidiel zmluvného práva. Tieto pravidlá navrhovala Únia používať na cezhraničné transakcie týkajúce sa predaja tova...

Descrizione completa

Salvato in:
Dettagli Bibliografici
Autore principale: Novotný, Jiří
Natura: Capitolo di libro
Lingua:ceco
Soggetti:
Tags: Aggiungi Tag
Nessun Tag, puoi essere il primo ad aggiungerne!!

MARC

LEADER 00000naa a2200000 4500
001 0307577
005 20250310135036.8
041 0 |a cze 
044 |a CZ 
245 1 0 |a Návrh evropské úpravy smlouvy o prodeji  |c Jiří Novotný 
520 |a Návrh nariadenia Európskeho parlamentu a Rady o spoločnej európskej právnej úprave predaja zlepšiť podmienky na vytvorenie a fungovanie vnútorného trhu poskytnutím jednotného súboru pravidiel zmluvného práva. Tieto pravidlá navrhovala Únia používať na cezhraničné transakcie týkajúce sa predaja tovaru, dodania digitálneho obsahu a poskytovania súvisiacich služieb. Návrh bol však Komisiou v roku 2020 stiahnutý z prerokovania v Európskom parlamente. Niektorými konkrétnymi pravidlami spoločnej európskej právnej úpravy predaja, rovnako ako dôvody, prečo bol následne návrh stiahnutý z prerokúvania, sa zaoberá nasledujúci článok. 
610 2 0 |a zmluvy 
610 2 0 |a predaj 
610 2 0 |a harmonizácia 
610 2 0 |a právo občianske 
610 2 0 |a trh vnútorný 
610 2 0 |a úpravy právne 
610 2 0 |a právo zmluvné 
100 1 |a Novotný, Jiří